Kde sa žije najlepšie

V médiách sa objavujú rebríčky porovnávajúce rôzne parametre, ktoré informujú, kde sa žije najlepšie. Akú majú vypovedaciu hodnotu o skutočnej kvalite života. Na Slovensku zostavili index kvality života geografi zo Slovenskej akadémie vied v štúdii Kvalita života a jej regionálna diferenciácia v SR...

Descrizione completa

Salvato in:
Dettagli Bibliografici
Autore principale: Ryník, Jozef
Natura: Capitolo di libro
Lingua:slovacco
Soggetti:
Tags: Aggiungi Tag
Nessun Tag, puoi essere il primo ad aggiungerne!!

MARC

LEADER 00000naa$a2200000$$$4500
001 0093245
005 20231009102707.8
041 0 |a slo 
044 |a SK 
245 1 0 |a Kde sa žije najlepšie  |c Jozef Ryník 
520 |a V médiách sa objavujú rebríčky porovnávajúce rôzne parametre, ktoré informujú, kde sa žije najlepšie. Akú majú vypovedaciu hodnotu o skutočnej kvalite života. Na Slovensku zostavili index kvality života geografi zo Slovenskej akadémie vied v štúdii Kvalita života a jej regionálna diferenciácia v SR z roku 2005. Všímali si vzdelanosť, bezpečnosť, materiálny komfort, vybavenosť bytov, stav životného prostredia a demografiu. Zhrnutie výsledkov z tejto štúdie. Porovnanie kvality života v Krupine a v Trenčíne. Index ľudského rozvoja vo vybraných štátoch sveta. 
610 2 0 |a kvalita života 
610 2 0 |a úroveň životná 
610 2 0 |a podmienky životné 
610 2 0 |a podmienky sociálne 
610 2 0 |a výskum 
610 2 0 |a Slovensko 
610 2 0 |a regióny 
100 1 |a Ryník, Jozef